Tretie medzinárodné sympózium o disperzne spevnených materiáloch

Bibliographic Details
Main Author: Besterci, Michal, 1937- (Author)
Format: Article
Language:Slovak
ISSN:0023-432X
Subjects:

MARC

LEADER 00000nab a2200000 a 4500
001 vtls000516062
003 SK-MaSNL
005 20260304085546.0
008 250425c1993 xo 0 slo
015 |a SNBRB19rr/mm-uuuuu 
035 |a CL0516200 
035 |a urn:nbn:sk:snk-abbod8 
035 |a (urnnbn)urn:nbn:sk:snk:ar-001i0j 
035 |a (uuid)3b8f6f15-c344-4a6a-8884-ed315be9cd8b 
040 |a SNKBUCL  |b slo  |c SNKBUCL  |e AACR2 
041 0 |a slo 
044 |a xo  |c SK 
080 |a 669-17-911.68:061.3  |2 1981 
100 1 |a Besterci, Michal,  |d 1937-  |4 aut  |9 114555 
245 1 0 |a Tretie medzinárodné sympózium o disperzne spevnených materiáloch  |c Michal Besterci 
650 0 7 |a materiály spevnené disperzne  |2 snkbucl  |9 963110 
655 7 |a články z novín a časopisov  |2 snkbucl  |9 267496 
773 0 |t Kovové materiály  |g Roč. 31, č. 5 (1993), s. 477-478  |x 0023-432X 
850 |a Slovenská národná knižnica 
852 |a Slovenská národná knižnica 
954 |a odborná, vedecká literatúra pôvodná (slovenská)  |2 lita 
958 |a article15 
958 |a RK 
958 |a OND 
958 |a EUIPO 
992 |a RBX 
999 |c 2808553  |d 2810483